Jubilujúci časopis venovaný životnému prostrediu

V roku 2016 časopis Životné prostredie dosiahol 50 rokov od prvého publikovania. Zhodnotenie 50-ročného obdobia.

Gespeichert in:
Bibliographische Detailangaben
1. Verfasser: Ružička, Milan
Format: Buchkapitel
Sprache:Slowakisch
Schlagworte:
Tags: Tag hinzufügen
Keine Tags, Fügen Sie das erste Tag hinzu!

MARC

LEADER 00000naa a2200000 4500
001 0235157
005 20220805074740.7
041 0 |a slo 
044 |a SK 
245 1 0 |a Jubilujúci časopis venovaný životnému prostrediu  |c Milan Ružička 
520 |a V roku 2016 časopis Životné prostredie dosiahol 50 rokov od prvého publikovania. Zhodnotenie 50-ročného obdobia. 
610 2 0 |a prostredie životné 
610 2 0 |a časopisy 
610 2 0 |a Slovensko 
100 1 |a Ružička, Milan